Estadísticas para Prueba de Bélgica

Haz click aquí para tomar la prueba!

Estadísticas generales

  • Esta prueba ha sido tomada 322 veces
  • La puntuación promedio es 17 de 25

Estadísticas de respuestas

PistaRespuesta% Correcto
Capital / región de BélgicaBruselas
99%
Países limítrofesFrancia
98%
Países limítrofesAlemania
97%
Países limítrofesPaíses Bajos
97%
Idiomas más habladosFrancés
97%
Países limítrofesLuxemburgo
95%
La mayor colonia africana de BélgicaCongo Belga
82%
El sitio de la última batalla de NapoleónWaterloo
80%
Mar limítrofeMar del Norte
80%
Idiomas más habladosNeerlandés
80%
Pequeñas figuras cómicas azulesLos Pitufos
78%
Ciudad famosa por los canalesBrujas
75%
Comida hecha en planchas en forma de cuadrículaGofre
67%
Región de BélgicaFlandes
64%
Anfitrión de las olimpiadas de 1920Amberes
58%
Reportero intrépido que visitó Tíbet, América, Sidney, y másTintin
53%
El actor conocido como JCVDJean-Claude
Van Damme
52%
¿Qué ponen los belgas en sus patatas fritas?Mayonesa
52%
Región de BélgicaValona
46%
Si comes moules-fritas, estás comiendo este animalMejillones
43%
Pintor de mujeres carnosasPedro Pablo Rubens
41%
La ficticia detective Agatha ChristieHércules Poirot
40%
Lo que los monjes trapenses hacen famosamenteCerveza
39%
Actual reyFelipe
30%
Pintor de “La traición de las imágenes”René Magritte
22%

Distribución de puntuación

Porcentaje por número respondido

Porcentaje de gente con cada puntuación

Historial de tus puntuaciones

No has tomado esta prueba